000 00299nam a22001337a 4500
008 181217b xxu||||| |||| 00| 0 eng d
020 _a0103361139
041 _aeng
080 _a710
100 _a45
101 _aART
245 _aTopics Drama East Asian Theatre
_cCarol.J
942 _2udc
_cBK
999 _c53265
_d53265